000 00852nas a2200277 4500
001 BR2014002282
003 BR-BrBNA
005 20231205123902.0
007 ta
008 230509b bl.|||p| |||| 00| 00por d
040 _aBR-BrBNA
_bpor
_cBiblioteca Nacional de Agricultura
041 _a(Pt)
072 _aQ04
100 1 _aQueiroz, A.J. de M.
100 1 _aFigueirêdo, R.M.F. de
100 1 _aSilva, C.L. da
100 1 _aMata, M.E.R.M.C.
245 1 _aComportamento reológico de méis de florada de silvestre
650 _aMEL
650 _aAPIS MELLIFERA
650 _aVISCOSIDADE
650 _aANÁLISE FÍSICA
773 0 _tRevista Brasileira de Engenharia Agrícola e Ambiental (Brazil)
_xISSN 1415-4366
_g(Mar-Apr 2007), v. 11(2) p. 190-194
_wBR2014002282
909 _a202311
_bLúcia
_c55
_dLúcia Elande
942 _2AGRIS
_n0
_cANA
999 _c236199
_d236199